Modifikácia chitozánovej matrice pre tkanivové inžinierstvo za účelom zlepšenia jej biokompatibility.

Guardado en:
Detalles Bibliográficos
Autor principal: Komarová, Katarína
Formato: Libro
Lenguaje:eslovaco
Publicado: Bratislava STU FCHPT 2012
Acceso en línea:Ver en el OPAC
Etiquetas: Agregar Etiqueta
Sin Etiquetas, Sea el primero en etiquetar este registro!

MARC

LEADER 00000nam a2200000 a 4500
005 20260127134213.0
008 120627 2012 xo 000 0 slo d
035 |a vtls010432764 
039 9 |a 201207131114  |b mschk03  |y 201206271115  |z mschk03 
040 |a STUSCHK1  |b slo  |c STUSCHK1  |e AACR2 
100 1 |a Komarová, Katarína 
245 1 |a Modifikácia chitozánovej matrice pre tkanivové inžinierstvo za účelom zlepšenia jej biokompatibility.  |c Katarína Komarová 
260 |a Bratislava  |b STU FCHPT  |c 2012 
300 |a 59 s.  |b il.  |c 30cm 
500 |a Obháj.: 4.6. 2012 
500 |a Študijný program: prírodné a syntetické polyméry 
500 |a Študijný odbor: 5.2.18 chemické technológie 
500 |a Miesto vypracovania: Oddelenie plastov a kaučuku FCHPT 
500 |a Evidenčné číslo: FCHPT-13576-50100 
500 |a Diplomová práca 
910 |a SCHK95 
999 |c 6587  |d 6587